000 02505nam0a2200325 i 4500
001 RU\NLR\BIBL_A\010750730
005 20260405080541.0
010 _a9785444605738
_9200
021 _aRU
_b2015-23122
_91373
035 _a(NILC)RuMoRGB-007899499
035 _a(NLR Aleph) 010750730
090 _a9939906
_c9939906
100 _a20150512d2014 km y0rusy50 ca
101 0 _arus
102 _aRU
105 _aab||z|||000yy
200 1 _aЭкологические проблемы техногенно-нагруженных территорий
_eматериалы межвузовской студенческой научной конференции (Воронеж 22 декабря 2014)
_f[под ред. В. И. Попова, И. И. Косиновой]
210 _aВоронеж
_cНаучная книга
_d2014
215 _a70, [1] с.
_cил., карт., табл.
_d20
300 _aВ надзаг.: Гос. бюджетное образовательное учреждение высш. проф. образования "Воронежская гос. мед. акад. им. Н. Н. Бурденко" М-ва здравоохранения Российской Федерации, Федеральное гос. бюджетное образовательное учреждение высш. проф. образования " Московский гос. ун-т им. М. В. Ломоносова", Федеральное гос. бюджетное образовательное учреждение высш. проф. образования "Воронежский гос. ун-т"
320 _aБиблиогр. в конце ст.
606 1 _aОкружающая среда
_jСъезды, совещания и т.п
_xЗагрязнение техногенное
_xГигиеническая оценка
_92239850
_3RU\NLR\AUTH\661344072
686 1 _aР121.101я431(2)
702 1 _4340
_8rus
_7ca
_aПопов
_bВ. И.
_cд-р мед. наук, гигиена
_f1969-
_gВалерий Иванович
_3RU\NLR\AUTH\7727720
_910751
711 1 2 _a"Экологические проблемы техногенно-нагруженных территорий", межвузовская студенческая научная конференция
_eВоронеж
_f2014
_9466032
_3RU\NLR\AUTH\880399542
801 0 _aRU
_bРГБ
_c20150327
_gRCR
942 _cBOOK
980 _aNBR